000 00529cab a2200181 4500
001 WB2729-20
008 090401t1991 xxu||||| |||| 00| 0 eng d
035 _a(Sirsi) u45047
041 _aeng
245 _aNew business lease forms
260 _c1991
350 _a0
490 _aOyez Forms Information Service
_vno 14/1991 July 1991 1 page
520 _aForms for the Law Society `s standard form of business lease are available.
690 _aLANDLORD AND TENANT-BUSINESS TENANCIES
942 _n0
948 _c04/03/1997
999 _c28639
_d28639